00583nam a2200205Ia 450000500170000000800410001702000180005804000190007604100120009508200160010710000170012324500780014025000430021826000310026130000150029250400190030765000240032670000160035085000110036620240424140644.0131103s9999 xx 000 0 und d a1 85346 137 7 aLoreto College aEnglish a371.3 bBRA aBraine, Mark aPractical Classroom Managementb cMark Braine, Dave Kerry & Mike Pilling aa guide for secondary school teachers  aLondonbDavid Fultonc1990 avii,135p.  aIncludes index aSchool organisation aKerry, Dave aLCBED